00868nam a2200241 a 4500001001000000005001700010008004100027020001500068040001800083050002400101100003300125245006100158260003300219300004200252500005300294504002700347600003200374650005300406700003600459942001100495999001500506952010500521BRCA_156120190320203453.0821206s1982 sp-a---##b---#000-0#spa-# a8434303558 aDLCcDLCdDLC 4aND259.T3b.P39 19821 aPaz, Octaviod1914-1998956310aRufino Tamayoctextos de Octavio Paz, Jacques Lassaigne. aBarcelonabPolígrafac1982 a299 p.bil. (algunas a color)c30 cm. aIncluye índice de ilustraciones y cronología aBibliografía: p. 29214aTamayo, Rufinod1899-9235714aPintura mural mexicanaySiglo XXzMéxico950001 aLassaigne, Jacquesd1910-95001 2lcccB c1398d1398 00104070aBRCAbBRCAd2008-06-26l0oND259.T3 .P39 1982p02118r2019-03-22 00:00:00w2019-03-22yB